00398nam a2200157Ia 4500008004100000020001500041082001500056100001600071245004100087250000800128260002900136300001600165500002500181650001500206700001900221230524s9999 xx 000 0 und d a8131716341 a338.7bTUL aP.C.Tulsian 0aBusiness Organisation and Management aIST aNEW DELHIbPearsonc2008 aXVIII;25.39 aQuantity Number: 31 aManagement a Vishal Pandey